Loading...
| Current Events | 1 | 10.00 | 100% | 0% | 0% |
| Fine Arts - Auditory Fine Arts | 6 | 6.67 | 67% | 0% | 0% |
| Fine Arts - Other Fine Arts | 5 | 14.00 | 80% | 60% | 0% |
| Fine Arts - Visual Fine Arts | 2 | 10.00 | 100% | 0% | 0% |
| History - American History | 5 | 12.00 | 100% | 20% | 0% |
| History - European History | 3 | 13.33 | 67% | 33% | 33% |
| History - Other History | 7 | 12.86 | 100% | 14% | 14% |
| History - World History | 4 | 10.00 | 100% | 0% | 0% |
| Literature - American Literature | 3 | 23.33 | 100% | 100% | 33% |
| Literature - British Literature | 3 | 10.00 | 100% | 0% | 0% |
| Literature - European Literature | 1 | 20.00 | 100% | 100% | 0% |
| Literature - World Literature | 5 | 16.00 | 100% | 40% | 20% |
| Mythology | 6 | 16.67 | 100% | 50% | 17% |
| Philosophy | 3 | 13.33 | 100% | 33% | 0% |
| Pop Culture | 2 | 15.00 | 100% | 50% | 0% |
| Religion | 5 | 28.00 | 100% | 100% | 80% |
| Science - Biology | 5 | 16.00 | 100% | 60% | 0% |
| Science - Chemistry | 3 | 10.00 | 100% | 0% | 0% |
| Science - Other Science | 4 | 22.50 | 100% | 75% | 50% |
| Science - Physics | 4 | 15.00 | 100% | 25% | 25% |
| Social Science | 7 | 15.71 | 86% | 57% | 14% |